00902cam a22002654a 4500999001700000001000900017005001700026008004100043010001700084020002800101040001800129042000800147043001200155050002900167100002600196245007700222260004800299300004500347504006600392600003300458600005700491650003300548650002000581942003500601 c22443d224431223829820170124104807.0001122s2001 ctua b 001 0beng  a 00054076  a0300089643 (alk. paper) aDLCcDLCdDLC apcc ae-fr---00aND553 b .G63B76 20011 aBrooke, Peter,d1948-10aAlbert Gleizes :bfor and against the twentieth century /cPeter Brooke. aNew Haven :bYale University Press,cc2001. axi, 333 p. :bill. (some col.) ;c28 cm. aIncludes bibliographical references (p. [301]-308) and index.10aGleizes, Albert,d1881-1953.10aGleizes, Albert,d1881-1953xFriends and associates. 0aPainterszFrancevBiography. 0aCubismzFrance. 2lcccBOOKShND553 .G63B76 2001